|
|
|
|
| LEADER |
00000nam a2200000Ii 4500 |
| 001 |
DIGCOLMX0226 |
| 003 |
NyNyDIG |
| 007 |
cr ||||||||||| |
| 008 |
220122s2015 mx ob 000 0 spa d |
| 006 |
m o d |
| 035 |
|
|
|a (OCoLC)945556658
|
| 040 |
|
|
|a DGITA
|b eng
|e rda
|e pn
|c DGITA
|
| 020 |
|
|
|a 9786074629002
|q eBook
|
| 020 |
|
|
|z 9786074627961
|
| 043 |
|
|
|a n-mx---
|a n------
|a s------
|
| 050 |
1 |
4 |
|a F1392.A1 ebook
|
| 082 |
1 |
4 |
|a 305.800972
|
| 245 |
0 |
0 |
|a Inmigración y racismo :
|b contribuciones a la historia de los extrajeros en México /
|c Pablo Yankelevich, coordinador.
|
| 250 |
|
|
|a Primera edición electrónica.
|
| 264 |
|
1 |
|a México, D.F. :
|b El Colegio de México,
|c 2015.
|
| 300 |
|
|
|a 1 online resource.
|
| 336 |
|
|
|a text
|b txt
|2 rdacontent
|
| 337 |
|
|
|a computer
|b c
|2 rdamedia
|
| 338 |
|
|
|a online resource
|b cr
|2 rdacarrier
|
| 347 |
|
|
|a text file
|2 rdaft
|
| 347 |
|
|
|b EPUB
|
| 500 |
|
|
|a "Centro de Estudios Históricos."
|
| 504 |
|
|
|a Includes bibliographical references.
|
| 588 |
0 |
|
|a Online resource; title from ePub title page (Digitalia, viewed January 22, 2021)
|
| 650 |
|
0 |
|a Racism
|z Mexico
|x History
|y 20th century.
|
| 650 |
|
0 |
|a Xenophobia
|z Mexico
|x History
|y 20th century.
|
| 650 |
|
0 |
|a Immigrants
|z Mexico
|x History
|y 20th century.
|
| 650 |
|
0 |
|a Ethnicity
|z Mexico
|x History
|y 20th century.
|
| 651 |
|
0 |
|a Mexico
|x Ethnic relations
|x History
|y 20th century.
|
| 651 |
|
0 |
|a Mexico
|x Emigration and immigration
|x History
|y 20th century.
|
| 651 |
|
0 |
|a America
|x Emigration and immigration
|x History
|y 20th century.
|
| 655 |
|
0 |
|a Electronic books.
|
| 700 |
1 |
|
|a Yankelevich, Pablo,
|e editor.
|
| 791 |
2 |
|
|a Digitalia (Firm),
|e distributor.
|
| 793 |
0 |
|
|g Digitalia eBook Collection:
|a El Colegio de México
|
| 776 |
0 |
8 |
|i Print version:
|t Inmigración y racismo.
|b Primera edición.
|d México, D.F. : El Colegio de México, 2015
|z 9786074627961
|
| 856 |
4 |
0 |
|3 Digitalia Hispánica
|u https://www.digitaliapublishing.com/a/105586/
|
| 910 |
|
|
|a Premium collection: 2022
|